000 00382nam a2200145Ia 4500
008 230718s9999 xx 000 0 und d
041 _aEng.
082 _a297
_bحضر-ت
100 _aحضرت مولانا بدر عالم صاحب
245 0 _aترجمان السنتہ
260 _aPakistan
_bمکتبہ رحمانیہ
_c2014
300 _a625
650 _aLaw
999 _c31150
_d31150